It happens only in i.t : (Record no. 147171)
[ view plain ]
| 000 -LEADER | |
|---|---|
| fixed length control field | 00636nam a22001937a 4500 |
| 005 - DATE AND TIME OF LATEST TRANSACTION | |
| control field | 20171106115909.0 |
| 010 ## - LCCN (DPL NO) | |
| LC control number | ENG-121262 |
| 020 ## - INTERNATIONAL STANDARD BOOK NUMBER | |
| International Standard Book Number | 9789382591467 |
| Terms of availability | 199.00 |
| 035 ## - SYSTEM CONTROL NUMBER | |
| System control number | EN-104794 |
| 037 ## - SOURCE OF ACQUISITION | |
| Stock number | DBAD/PUB |
| 082 ## - DEWEY DECIMAL CLASSIFICATION NUMBER | |
| Classification number | 338.470040954 |
| 100 ## - MAIN ENTRY--PERSONAL NAME | |
| Personal name | Kahate, Atul |
| 245 ## - TITLE STATEMENT | |
| Title | It happens only in i.t : |
| Statement of responsibility, etc | by P.Daniel Sundarraj |
| Remainder of title | fascinating story of the indian i.t. industry |
| 260 ## - PUBLICATION, DISTRIBUTION, ETC. (IMPRINT) | |
| Place of publication, distribution, etc | Pune |
| Name of publisher, distributor, etc | Rohan prints |
| Date of publication, distribution, etc | 2014 |
| 270 ## - ADDRESS | |
| Address | Rohan prints, Dhawalgiri, Shop 5 & 6 , 430 Shaniwar Peth, |
| City | Pune |
| Postal code | 411030 |
| 300 ## - PHYSICAL DESCRIPTION | |
| Extent | 207p. |
| Dimensions | 21cm(pbk) |
| 500 ## - GENERAL NOTE | |
| General note | includes Reference |
| 942 ## - ADDED ENTRY ELEMENTS (KOHA) | |
| Source of classification or shelving scheme | Dewey Decimal Classification |
| Item type | English Books |
| Classification part | 338.470040954 |
| Call number suffix | KAH |
| Withdrawn status | Lost status | Not for loan | Collection code | Home library | Current library | Date acquired | Cost, normal purchase price | Full call number | Barcode | Copy number | Koha item type |
|---|---|---|---|---|---|---|---|---|---|---|---|
| Not For Loan | Non-fiction | D.B.Act.Division | Bawana | 06/11/2017 | 199.00 | 338.470040954 KAH | EN-104794 | 1 | English Books |
